Review of occupancy costs 2007 (Record no. 107245)

MARC details
000 -LEADER
fixed length control field 00944cam a22002415a 4500
001 - CONTROL NUMBER
control field L138744
008 - FIXED-LENGTH DATA ELEMENTS--GENERAL INFORMATION
fixed length control field 070709s2007 xxkd f s 000 0 eng d
020 ## - INTERNATIONAL STANDARD BOOK NUMBER
International Standard Book Number 9781904829645
035 ## - SYSTEM CONTROL NUMBER
System control number (Sirsi) u138744
041 0# - LANGUAGE CODE
Language code of text/sound track or separate title eng
050 04 - LIBRARY OF CONGRESS CALL NUMBER
Classification number 690.24 $2 18
110 2# - MAIN ENTRY--CORPORATE NAME
Corporate name or jurisdiction name as entry element Building Maintenance Information
9 (RLIN) 3229
245 00 - TITLE STATEMENT
Title Review of occupancy costs 2007
260 ## - PUBLICATION, DISTRIBUTION, ETC.
Place of publication, distribution, etc. London
Name of publisher, distributor, etc. BCIS
Date of publication, distribution, etc. 2007
300 ## - PHYSICAL DESCRIPTION
Extent 115p.
Dimensions 30cm.
490 #0 - SERIES STATEMENT
Series statement BMI Special Report
Volume/sequential designation 362
520 ## - SUMMARY, ETC.
Summary, etc. Contains estimates of the annual average occupancy costs (cleaning, utilities and administrative costs) for a range of building types including: industrial; administrative; retail; emergency; health; homes (welfare); recreational; religious; educational, scientific and information; and residential.
590 ## - LOCAL NOTE (RLIN)
Local note KA
651 #4 - SUBJECT ADDED ENTRY--GEOGRAPHIC NAME
Geographic name United Kingdom
Chronological subdivision
690 ## - LOCAL SUBJECT ADDED ENTRY--TOPICAL TERM (OCLC, RLIN)
Topical term or geographic name as entry element PROPERTY-PROPERTY MANAGEMENT-OCCUPANCY COSTS
690 ## - LOCAL SUBJECT ADDED ENTRY--TOPICAL TERM (OCLC, RLIN)
Topical term or geographic name as entry element BUILT ENVIRONMENT-BUILDING COSTS
942 ## - ADDED ENTRY ELEMENTS (KOHA)
Suppress in OPAC 0
Holdings
Withdrawn status Lost status Source of classification or shelving scheme Damaged status Not for loan Home library Current library Shelving location Date acquired Total Checkouts Full call number Barcode Date last seen Copy number Price effective from Koha item type
    Dewey Decimal Classification     London London BCIS/BMI publications 09/07/2007   ENQUIRY DESK 30072263 06/08/2019 1 06/08/2019 Reference material